El Rocar : descobrim l'entorn de Tiana (1) / descobrim l'entorn de Tiana (1) /
Publicado:
Barcelona :
Diputació de Barcelona. Àrea d'Espais Naturals. Xarxa de Parcs Naturals ,
2011
Descripción Física:
1 f. plegat en 5 parts : il. col. ; 21 cm
Colección:
Itineraris senyalitzats
; SL-C 96
Materias:
Parc de la Serralada de Marina (Catalunya) -- Circuits turístics
; Excursionisme -- Parc de la Serralada de Marina
Idioma:
Catalán
MARC
| LEADER | 00000nam a2200000Ia 4500 | ||
|---|---|---|---|
| 001 | 23283 | ||
| 003 | Arxiu | ||
| 005 | 20260324180115.0 | ||
| 008 | 160829s2011 spcaxx s cat c | ||
| 040 | |a AGDB | ||
| 080 | |a FU-59-80 | ||
| 110 | 1 | |a Parc de la Serralada de Marina (Catalunya) |9 10205 | |
| 245 | 1 | 3 | |a El Rocar : |b descobrim l'entorn de Tiana (1) / |c Parc de la Serralada de Marina |
| 260 | |a Barcelona : |b Diputació de Barcelona. Àrea d'Espais Naturals. Xarxa de Parcs Naturals, |c 2011 | ||
| 300 | |a 1 f. plegat en 5 parts : |b il. col. ; |c 21 cm | ||
| 490 | 1 | |a Excursions senyalitzades |v SL-C 96 | |
| 610 | 1 | 0 | |a Parc de la Serralada de Marina (Catalunya) |x Circuits turístics |9 52720 |
| 650 | |a Excursionisme |x Parc de la Serralada de Marina |9 46572 | ||
| 710 | 1 | |a Barcelona (Catalunya : Província). |b Xarxa de Parcs Naturals |9 7250 | |
| 710 | |a Barcelona (Catalunya : Província). |b Àrea d'Espais Naturals |9 9050 | ||
| 830 | 0 | |a Itineraris senyalitzats |v SL-C 96 |9 55975 | |
| 901 | |a Arxiu | ||
| 942 | |n 1 |2 udc | ||
| 952 | |0 0 |1 0 |4 0 |6 FU5980 |7 1 |9 53289 |a Arxiu |b Arxiu |d 2011-10-11 |l 0 |o FU-59-80 |p 23283 |r 2016-12-01 00:00:00 |w 2016-12-01 |y ARXIU | ||
| 999 | |c 57153 |d 57153 | ||